00434cam a2200157 a 450000100100000000500170001000800410002704000290006808200150009710000240011224500400013626000320017630000210020865000210022965000260025000001818420200929165406.0730518s1963 sp 000 f spa d aDO-SdBNPbspacLCdBNPHU a862bB352d1 aBauzá, Guillermo.10aDon Cristobal /cGuillermo Bauzá. aBarcelona :bRumbos,c1963. a104 p. ;c23 cm. 4aTeatro español 4aLiteratura española